Statistics for NBA - Best! Who Am I Quiz?

Click here to take the quiz!

General Stats

  • This quiz has been taken 3,410 times
  • The average score is 21 of 56

Answer Stats

HintAnswer% Correct
Scored 13 Points in 33 SecondsTracy McGrady
78%
People say I am best Power Forward of All-TimeTim Duncan
76%
Trailblazers All-Time Leading Scorer. They call me "The Glide"Clyde Drexler
67%
One of the Best Shooting Guards of All-Time. Probably the Best Player Ever, to play for the Los Angeles Lakers.Kobe Bryant
67%
My Dad's name is Dell, and My Brother's name is Seth.Stephen Curry
65%
NBA Champion in 2004. I was Detroit's Starting Point-GuardChauncey Billups
64%
One of the Greatest Shot-Blockers of all time. 4 Time DPOY. "No No No, Not in my House!"Dikembe Mutombo
64%
I am arguably the most Dominant Centre to ever play in the NBA. Just Ignore my Free-Throw Percentage.Shaquille O'Neal
62%
I'm still chasing the ghost in Chicago. I won first Championship for Cleveland.Lebron James
59%
I ended my Career in Washington averaging 20 points per game as a 40-year old.Michael Jordan
57%
If I can't beat them. I join them?Kevin Durant
56%
I am most popular for my Hook Shot.Kareem Abdul Jabbar
55%
Shaq and I were a duo in Orlando. I was originally Drafted by the Golden State WarriorsPenny Hardaway
55%
I'm a 6-Time NBA Champion. Michael Jordan and I were arguably the best duo of all time. I was No. 33 for the Bulls.Scottie Pippen
55%
Dallas Mavericks All-Time Greatest PlayerDirk Nowitzki
52%
Played on Chris Mullins Team. My Son plays for the Hawks.Tim Hardaway
52%
Played for Golden State from 1985 -1997. No. 17 was my Jersey NumberChris Mullin
51%
Thank you Miami for everything! I'm going back home in Chicago.Dwyane Wade
51%
I was named 2001 MVP. I am a deadly Ankle Breaker. What could be the Answer?Allen Iverson
50%
I am the NBA All-Time Assists and Steals Leader.John Stockton
50%
I almost won a championship with the lakers at the end of my career. I played with the Jazz most of my career.Karl Malone
47%
I am Arguably the Best Dunker of All-Time. Could I compete in the 2017 Dunk-Contest?Vince Carter
45%
You Reach, I Teach - Uncle Drew. I was originally born in Australia.Kyrie Irving
42%
Most People think I will be the MVP in the 2017 NBA Regular Season. If anyone asks me a questions about the Golden State Warriors, I'm not even going to answer.Russell Westbrook
41%
Me and Deandre Jordan can excell the Pick the Roll better than anyone else in the NBAChris Paul
40%
NBA Slam Dunk Contest Champion in 1985 and in 1990. I am the All-Time leading scorer for the Atlanta Hawks. They call me "The Human Highlight Film"Dominique Wilkins
40%
I'm playing the Point Guard position in 2017. What if OKC never traded me?James Harden
40%
Smallest NBA PlayerMuggsy Bogues
39%
I am the 2015 and 16 DPOY.Kawhi Leonard
37%
I am a 7-Time NBA Champion. I've played and won a championship on Drexler and Olajuwon's team, Kobe and Shaq's Team, and Tim Duncan's team. I made a Clutch 3-Pointer at the buzzer in the 2002 WCF against the Sacramento Kings.Robert Horry
37%
2017 will be my Final NBA Season. That's the Truth.Paul Pierce
36%
I won 2 Championships with Magic Johnson and Kareem Abdul-Jabbar. I won a Championship with Kobe Bryant and Shaquille O'Neal. I am Nicknamed the "Iron Man". I played 82 games for 11 consecutive seasons.A.C Green
35%
Time to move on from Chicago. Time to start fresh with my career.Derrick Rose
35%
I Kicked Steven Adams' Groin twice in the PlayoffsDraymond Green
35%
I played with J.R Smith on the Nuggets and on the Knicks?Carmelo Anthony
32%
When I won my First Championship I said "Anything IS POSSIBLE!!!!!"Kevin Garnett
30%
Even though I'm 41 years old. I serious about making an comeback into the NBA. I am the All-Time leader in 3-point shots made.Ray Allen
29%
I am the Pelicans Future Star!Anthony Davis
28%
Blood Clots and Dinosaurs?Chris Bosh
28%
I won 2016 Three Point ContestKlay Thompson
26%
Boogie. I'm probably the best Center in the League? Right?DeMarcus Cousins
22%
I got traded for Andrew Wiggins. My role changed. But it got me a Championship.Kevin Love
20%
NBA 2K17 Cover AthletePaul George
20%
2011 Slam Dunk Contest Champion?Blake Griffin
19%
3-Time NBA Champion with the Spurs. 8 Time All-NBA Defensive TeamBruce Bowen
18%
I was the First ever NBA Slam-Dunk Contest Champion. I have a son that currently plays in the NBA for the Lakers.Larry Nance
16%
I was the 6th pick in the Draft, Anthony Davis was the 1st. But I still somehow win Rookie Of The Year.Damian Lillard
15%
2013 6th-Man Of the Year.J.R Smith
15%
1989 ROTY. NBA Champion on final year in the NBA with Kobe and Shaq . I played with Mullin and Hardaway at the start of my carreer. I was the 1995 All-Star Game MVP.Mitch Richmond
15%
3-Peat NBA Champion with the Lakers. I played all 82 games for those 3 consecutive seasons.Rick Fox
14%
Since Tim Duncan retired. I'd be replacing him.Pau Gasol
12%
You may not know me, but I am a Phoenix Suns Legend. My Nickname is "Thunder Dan". I am a 3-Time NBA All-Star, and I also played with Charles Barkley.Dan Majerle
7%
2016 NBA Assists LeaderRajon Rondo
7%
I was the most improved player in 2000. I played for the Nuggets, Pacers, Bulls, Raptors, Knicks and Suns in my Career. I am currently a Sports Analyst for ESPN.Jalen Rose
5%
People say I am the best Sixth-Man and the Best at 4-Point PlaysJamal Crawford
5%
I played with Penny and Shaq.Nick Anderson
5%

Score Distribution

Percentile by Number Answered

Percent of People with Each Score

Your Score History

You have not taken this quiz